01262nas a2200205 454500001000500000005001700005008003700022003001500059040004000074080011800114245004400232264003400276310002800310505054700338100002000885650002300905650001900928650001300947856009600960431720260407193504.0260407s2007####ag###########|||spa#dAR-UNSa-BCEJYS aAR-UNSa-BCEJYSbspacAR-UNSa-BCEJYS a343.359xDelitos contra el fisco y otras autoridades administrativas (Derecho Penal Tributario, Delitos fiscales)10aDoctrina Penal Tributaria y Económica 1aBuenos Aires :bErreparc2007 aPeriodicidad: Irregular aObra que congrega una gran variedad de trabajos de opinión y jurisprudencia en la materia, a través de distintas secciones en las que se refleja la opinión de importantes autores y se da lugar a reseñas y comentarios de los fallos más destacados. Esta obra abarca temas como: • Evasión • Responsabilidad del profesional • Autoría y participación • Responsabilidad de los integrantes de las empresas • Asociación ilícita • Clausura • Agente encubierto • Decomiso • Contrabando • Derecho penal cambiario.1 aGómez, Teresa aDerecho Tributario aJURISPRUDENCIA aDOCTRINA41uhttps://biblioeco.unsa.edu.ar/pmb/images/revistas/R22167.jpgyImagen de portadaqimage/jpeg